|
|
|
|
| LEADER |
01350cam a2200349Ia 4500 |
| 001 |
AAL7639 |
| 003 |
BD-DhAAL |
| 005 |
20161004124009.0 |
| 008 |
161004s2011 bg ab g b 000 0 eng d |
| 020 |
|
|
|a 9789845120012
|
| 020 |
|
|
|a 9845120016
|
| 040 |
|
|
|a DKAGE
|b eng
|c DKAGE
|d OCLCO
|d TOZ
|d OCLCA
|d OCLCF
|d BD-DhAAL
|
| 050 |
|
4 |
|a DS393.6
|b .Y35 2011
|
| 082 |
0 |
4 |
|a 954.92
|2 23
|
| 100 |
1 |
|
|a Zakariah, A.K.M.
|d 1922-
|9 20521
|
| 245 |
1 |
4 |
|a The archaeological heritage of Bangladesh /
|c A.K.M. Zakariah ; edited by Md. Mosharraf Hossain.
|
| 260 |
|
|
|a Dhaka :
|b Asiatic Society of Bangladesh,
|c 2011.
|
| 300 |
|
|
|a x, 796 p. :
|b ill., map ;
|c 25 cm.
|
| 504 |
|
|
|a Includes bibliographical references (p. [793]-796).
|
| 541 |
|
|
|e 7639
|
| 650 |
|
0 |
|a Archaeology
|z Bangladesh.
|9 20522
|
| 650 |
|
0 |
|a Excavations (Archaeology)
|z Bangladesh.
|9 20523
|
| 650 |
|
7 |
|a Antiquities.
|2 fast
|9 20524
|
| 650 |
|
7 |
|a Archaeology.
|2 fast
|9 20525
|
| 650 |
|
7 |
|a Excavations (Archaeology)
|2 fast
|9 20526
|
| 651 |
|
0 |
|a Bangladesh
|x Antiquities.
|9 20527
|
| 651 |
|
7 |
|a Bangladesh.
|2 fast
|9 20528
|
| 700 |
1 |
|
|a Hossain, Md. Mosharraf.
|9 20529
|
| 852 |
|
|
|a Savar Campus Library
|c General Shelf
|
| 942 |
|
|
|2 ddc
|c BK
|
| 999 |
|
|
|c 37850
|d 37850
|
| 952 |
|
|
|0 0
|1 0
|2 ddc
|4 0
|6 954_920000000000000_ZAK
|7 0
|9 59686
|a SCL
|b SCL
|c GEN
|d 2016-10-04
|g 1500.00
|l 0
|o 954.92 ZAK
|p 3020007639
|r 2016-10-04
|t 1
|w 2016-10-04
|y BK
|